[Event "Chelyabinskiy variant-A 2021"]
[Site "Chelyabinsk"]
[Date "2021.03.24"]
[Round "2.12"]
[White "Simantsev, Mikhail"]
[Black "Salemgareev, Tagir"]
[Result "1-0"]
[WhiteElo "2389"]
[BlackElo "2480"]
[Annotator "ChessBase"]
[PlyCount "129"]
[EventDate "2021.03.23"]
[EventType "swiss"]
[EventCountry "RUS"]
[SourceTitle "playchess.com"]
[Source "ChessBase"]
[SourceQuality "1"]
[TimeControl "5400+30"]

1. d4 {[%emt 0:00:00]} Nf6 {[%emt 0:00:00]} 2. c4 {[%emt 0:00:00]} e6 {[%emt 0:00:00]} 3. Nf3 {[%emt 0:00:27]} Bb4+ {[%emt 0:00:40]} 4. Nbd2 {[%emt 0:04:34]} O-O {[%emt 0:00:14]} 5. a3 {[%emt 0:00:18]} Be7 {[%emt 0:00:12]} 6. e4 {[%emt 0:00:07]} d6 {[%emt 0:00:37]} 7. Be2 {[%emt 0:01:21]} Nbd7 {[%emt 0:03:35]} 8. O-O {[%emt 0:02:24]} e5 {[%emt 0:00:11]} 9. Qc2 {[%emt 0:07:58]} Re8 {[%emt 0:07:51]} 10. b3 {[%emt 0:14:00]} exd4 {[%emt 0:07:41]} 11. Nxd4 {[%emt 0:00:14]} Bf8 {[%emt 0:00:44]} 12. Bb2 {[%emt 0:01:40]} Ne5 {[%emt 0:01:40]} 13. h3 {[%emt 0:16:35]} c6 {[%emt 0:09:52]} 14. Rae1 {[%emt 0:08:02]} Bd7 {[%emt 0:16:49]} 15. Kh2 {[%emt 0:20:06]} c5 {[%emt 0:18:32]} 16. Nb5 {[%emt 0:06:36]} a6 {[%emt 0:17:19]} 17. Nc3 {[%emt 0:00:12]} Nc6 {[%emt 0:00:04]} 18. Qd1 {[%emt 0:02:35]} g6 {[%emt 0:01:47]} 19. f4 {[%emt 0:06:13]} Bg7 {[%emt 0:00:11]} 20. Qa1 {[%emt 0:03:14]} Nd4 {[%emt 0:00:58]} 21. Bd1 {[%emt 0:00:01]} Bc6 {[%emt 0:06:07]} 22. Qb1 {[%emt 0:01:30]} b5 {[%emt 0:00:49]} 23. Qd3 {[%emt 0:02:41]} bxc4 {[%emt 0:01:12]} 24. bxc4 {[%emt 0:00:31]} Rb8 {[%emt 0:00:15]} 25. Bc1 {[%emt 0:00:29]} Qa5 {[%emt 0:01:12]} 26. Nd5 {[%emt 0:00:36]} Nxd5 {[%emt 0:01:31]} 27. exd5 {[%emt 0:00:12]} Bd7 {[%emt 0:00:06]} 28. g4 {[%emt 0:00:05]} Ba4 {[%emt 0:01:12]} 29. Rxe8+ {[%emt 0:01:13]} Rxe8 {[%emt 0:00:28]} 30. Ne4 {[%emt 0:00:18]} Bxd1 {[%emt 0:01:01]} 31. Rxd1 {[%emt 0:00:01]} Qd8 {[%emt 0:00:09]} 32. Ng3 {[%emt 0:01:10]} Qh4 {[%emt 0:00:46]} 33. Kg2 {[%emt 0:00:10]} f5 {[%emt 0:01:17]} 34. gxf5 {[%emt 0:00:42]} gxf5 {[%emt 0:00:32]} 35. Be3 {[%emt 0:00:42]} Kh8 {[%emt 0:00:31]} 36. Rf1 {[%emt 0:00:30]} Rg8 {[%emt 0:00:33]} 37. Kh2 {[%emt 0:00:07]} Rb8 {[%emt 0:00:57]} 38. Bxd4 {[%emt 0:00:17]} cxd4 {[%emt 0:00:34]} 39. Nxf5 {[%emt 0:00:14]} Qf6 {[%emt 0:00:33]} 40. Nxg7 {[%emt 0:00:38]} Qxg7 {[%emt 0:00:06]} 41. Rg1 {[%emt 0:01:13]} Qf6 {[%emt 0:00:07]} 42. Qe4 {[%emt 0:00:19]} Rf8 {[%emt 0:00:36]} 43. Rg4 {[%emt 0:00:25]} h5 {[%emt 0:00:54]} 44. Rg5 {[%emt 0:00:39]} Qxf4+ {[%emt 0:00:07]} 45. Qxf4 {[%emt 0:00:12]} Rxf4 {[%emt 0:00:03]} 46. Kg3 {[%emt 0:00:12]} Rf1 {[%emt 0:00:22]} 47. Rxh5+ {[%emt 0:00:39]} Kg7 {[%emt 0:00:02]} 48. Rh4 {[%emt 0:00:15]} Rd1 {[%emt 0:01:12]} 49. Kf3 {[%emt 0:00:56]} Rc1 {[%emt 0:01:46]} 50. Rxd4 {[%emt 0:00:12]} Rc3+ {[%emt 0:00:01]} 51. Kg4 {[%emt 0:00:40]} Kf7 {[%emt 0:00:55]} 52. Rf4+ {[%emt 0:00:54]} Ke7 {[%emt 0:00:19]} 53. h4 {[%emt 0:00:28]} Rxa3 {[%emt 0:00:02]} 54. h5 {[%emt 0:00:10]} Ra1 {[%emt 0:00:25]} 55. Re4+ {[%emt 0:00:28]} Kf7 {[%emt 0:00:11]} 56. Re6 {[%emt 0:00:37]} a5 {[%emt 0:01:21]} 57. Rxd6 {[%emt 0:00:20]} a4 {[%emt 0:00:01]} 58. Ra6 {[%emt 0:00:52]} a3 {[%emt 0:00:05]} 59. Kg5 {[%emt 0:00:12]} a2 {[%emt 0:01:00]} 60. Ra7+ {[%emt 0:00:11]} Kf8 {[%emt 0:01:09]} 61. Kh6 {[%emt 0:00:08]} Rc1 {[%emt 0:00:32]} 62. Rxa2 {[%emt 0:00:10]} Rxc4 {[%emt 0:00:02]} 63. Kg5 {[%emt 0:00:47]} Rc1 {[%emt 0:00:59]} 64. h6 {[%emt 0:00:56]} Rd1 {[%emt 0:00:28]} 65. Ra8+ {[%emt 0:00:22]} 1-0

[Event "Chelyabinskiy variant-A 2021"]
[Site "Chelyabinsk"]
[Date "2021.03.24"]
[Round "2.13"]
[White "Nesterov, Arseniy"]
[Black "Kovalchuk, Alexey"]
[Result "1/2-1/2"]
[WhiteElo "2476"]
[BlackElo "2379"]
[Annotator "TA"]
[PlyCount "91"]
[EventDate "2021.03.23"]
[EventType "swiss"]
[EventCountry "RUS"]
[SourceTitle "playchess.com"]
[Source "ChessBase"]
[SourceQuality "1"]

{[%evp 13,91,11,12,0,18,13,7,9,37,39,15,17,26,32,33,27,25,6,14,2,13,0,40,39,38,38,38,45,53,19,29,16,34,20,28,16,30,30,29,29,32,22,49,54,54,48,67,43,60,54,45,37,37,36,36,38,40,19,32,19,19,19,19,19,19,19,15,13,27,1,10,0,7,0,0,0,0,0,0,0]} 1. e4 e5 2. Nf3 Nf6 3. Nxe5 d6 4. Nf3 Nxe4 5. Nc3 Nxc3 6. dxc3 Be7 7. Be3 Nd7 8. Qd2 {C42: Petroff Defence: 3 Nxe5 and unusual White 3rd moves.} Nf6 9. O-O-O O-O 10. Bd3 c5 11. Rhe1 Be6 12. Kb1 Qa5 13. c4 Qxd2 14. Bxd2 Rfe8 15. Ng5 Bd7 16. Ne4 Bc6 17. Bf4 {[#]} Nxe4 $146 (17... d5 $5 {[%cal Rd5e4]} 18. Nxf6+ Bxf6 $11) ({Predecessor:} 17... d5 18. Nxf6+ Bxf6 19. cxd5 Rxe1 20. Rxe1 Bxd5 21. Be4 Bxe4 22. Rxe4 Rd8 23. c3 {½-½ (23) Balogh,C (2629)-Papp,G (2591) Slovakia 2018}) 18. Bxe4 Bxe4 19. Rxe4 Bf8 20. Rxe8 Rxe8 $14 {[%mdl 4096] Endgame KRB-KRB} 21. a4 Re6 22. a5 f5 23. g3 Kf7 24. Rd3 Ke8 25. Rb3 Re7 26. Ka2 Rd7 27. a6 bxa6 28. Ra3 Kd8 29. Rxa6 Kc8 30. Ra3 Be7 31. Rd3 Kb7 32. c3 Kc6 33. Rd5 g6 $1 34. b4 a6 35. Kb3 Bd8 36. h4 Bb6 37. f3 Bd8 38. h5 Bf6 39. g4 fxg4 40. fxg4 Be7 41. Bg3 Rd8 {The position is equal.} 42. hxg6 hxg6 43. Rd2 Rf8 44. Re2 Rf3 45. Rxe7 {[#] b5+ is the strong threat.} Rxg3 46. Ra7 {Weighted Error Value: White=0.06/Black=0.04} 1/2-1/2

[Event "Chelyabinskiy variant-A 2021"]
[Site "Chelyabinsk"]
[Date "2021.03.25"]
[Round "3.1"]
[White "Bryakin, Mikhail"]
[Black "Lysyj, Igor"]
[Result "1/2-1/2"]
[WhiteElo "2464"]
[BlackElo "2605"]
[Annotator "RC"]
[PlyCount "41"]
[EventDate "2021.03.23"]
[EventType "swiss"]
[EventCountry "RUS"]
[SourceTitle "playchess.com"]
[Source "ChessBase"]
[SourceQuality "1"]
[TimeControl "5400+30"]

1. d4 {[%emt 0:00:00]} Nf6 {[%emt 0:01:53]} 2. c4 {[%emt 0:00:00]} e6 {[%emt 0:00:07]} 3. g3 {[%emt 0:00:00]} d5 {[%emt 0:00:03]} 4. Nf3 {[%emt 0:00:00]} Be7 {[%emt 0:00:06]} 5. Bg2 {[%emt 0:00:06]} O-O {[%emt 0:00:05]} 6. O-O {[%emt 0:00:07]} dxc4 {[%emt 0:00:05]} 7. Qc2 {[%emt 0:00:07]} a6 {[%emt 0:00:04]} 8. a4 {[%emt 0:00:08]} c5 {[%emt 0:00:04]} 9. dxc5 {[%emt 0:00:51]} Bxc5 {[%emt 0:01:04]} 10. Nbd2 {[%emt 0:00:18]} b5 {[%emt 0:00:15]} 11. axb5 {[%emt 0:00:13]} Bb7 {[%emt 0:00:06]} 12. Nxc4 {[%emt 0:00:15]} axb5 {[%emt 0:00:26]} 13. Rxa8 {[%emt 0:00:10]} Bxa8 {[%emt 0:00:05]} 14. Nce5 {[%emt 0:00:08]} Qc8 {[%emt 0:00:23]} 15. Qd3 {[%emt 0:05:21]} Qa6 {[%emt 0:01:47]} 16. Be3 {[%emt 0:06:03]} Be4 {[%emt 0:04:02]} 17. Qb3 {[%emt 0:12:54]} Bd5 {[%emt 0:03:11]} 18. Qd3 {[%emt 0:03:55]} Be4 {[%emt 0:00:09]} 19. Qb3 {[%emt 0:00:14]} Bd5 {[%emt 0:00:06]} 20. Qd3 {[%emt 0:00:06]} Be4 {[%emt 0:00:04]} 21. Qb3 {[%emt 0:00:06]} 1/2-1/2

[Event "Chelyabinskiy variant-A 2021"]
[Site "Chelyabinsk"]
[Date "2021.03.25"]
[Round "3.2"]
[White "Drygalov, Andrey"]
[Black "Makarian, Rudik"]
[Result "1-0"]
[WhiteElo "2500"]
[BlackElo "2458"]
[Annotator "TA"]
[PlyCount "121"]
[EventDate "2021.03.23"]
[EventType "swiss"]
[EventCountry "RUS"]
[SourceTitle "playchess.com"]
[Source "ChessBase"]
[SourceQuality "1"]

{[%evp 10,121,30,33,42,20,23,27,28,10,12,11,12,8,23,4,8,-14,-6,0,0,-16,24,17,17,16,13,12,20,0,0,0,16,0,12,0,45,-11,4,0,0,-31,-37,-33,-29,-40,-32,-32,-31,-84,0,-36,0,-93,-83,-87,-84,-86,-96,-68,-70,-61,-60,-72,-93,-91,-52,-44,-48,-56,-29,-47,0,0,0,0,16,16,35,32,97,89,68,108,102,51,134,134,134,134,209,207,200,200,398,389,389,386,463,463,553,545,530,523,570,568,570,550,2450,2055,29961,29962,29953,11637]} 1. e4 e5 2. Nf3 Nc6 3. Bb5 a6 4. Ba4 Bc5 5. O-O d6 6. c3 Bg4 {C70: Ruy Lopez: 3...a6 4 Ba4, Norwegian and Delayed Schliemann.} 7. d3 Nge7 8. Be3 O-O {White has an edge.} 9. h3 Bh5 {[#]} 10. Nbd2 $146 ({Predecessor:} 10. g4 Bg6 11. Qe2 Ba7 12. Nbd2 f6 13. Nh4 d5 14. Nxg6 hxg6 15. Bxa7 Rxa7 16. f4 {0-1 (51) Kurkijarvi,M (1990)-Sihvonen,T (2035) Finland 2010}) 10... Kh8 11. Qe1 f6 12. d4 Ba7 13. dxe5 dxe5 14. Bxa7 Nxa7 15. Qe3 c6 16. Bc2 Nac8 17. c4 b6 18. c5 bxc5 19. Qxc5 Qb6 20. Qa3 c5 21. Nc4 Qc7 22. Nfd2 Rd8 23. Rfe1 (23. Bd1 $14 Bxd1 24. Rfxd1 (24. Raxd1 Rd4 $14)) 23... Bf7 24. Rac1 Na7 25. Ba4 Nb5 26. Qe3 Nd4 27. Rc3 Rac8 28. Rec1 Nb5 29. R3c2 (29. Rd3 $15) 29... Nd4 30. Rc3 Nb5 (30... Be6 $15) 31. R3c2 $17 {[#]} Nc6 $1 32. Na3 Ncd4 ({Of course not} 32... Bxa2 $6 33. Bxb5 axb5 34. b3 $14) 33. Rxc5 Qxc5 34. Rxc5 Rxc5 35. Kh2 Bxa2 36. f4 exf4 37. Qxf4 Nxa3 (37... h6 {is more complex.} 38. Qe3 Be6 39. Kh1 Rc7 40. Kh2 Bg8) 38. bxa3 Re5 39. Qe3 Bf7 40. Qc3 Kg8 41. Qc7 Ne6 42. Qc3 h5 43. Bb3 Rc5 44. Qe3 {[#] aiming for Bxe6.} Nd4 ({Black should try} 44... Rdc8 $14) 45. Bd5 $1 $16 Rcxd5 ({Don't go for} 45... Bxd5 $2 46. Qxd4 Rb5 47. a4 $18) 46. exd5 Rxd5 47. Ne4 (47. Nc4 $16) 47... Nf5 (47... a5 $1 $14) 48. Qa7 Re5 49. Qxa6 h4 (49... Rxe4 $16 {might work better.} 50. Qc8+ {[%mdl 64] Double Attack} Kh7 51. Qxf5+ {[%mdl 64] Double Attack} Bg6) 50. Nd6 $18 Nxd6 51. Qxd6 {[%mdl 4096] Endgame KQ-KRB} Rg5 $2 (51... Bd5 52. g3 Rg5) 52. Qd8+ Kh7 {intending ...Bd5.} 53. Qd4 Bd5 54. Qxh4+ Kg8 55. g4 Re5 56. Qf2 Bc4 {And now ...Re2 would win.} 57. Qd4 Be2 58. Kg3 g5 59. a4 Kf7 60. Kf2 Re7 61. Qd5+ {Weighted Error Value: White=0.09/Black=0.34} 1-0

[Event "Chelyabinskiy variant-A 2021"]
[Site "Chelyabinsk"]
[Date "2021.03.25"]
[Round "3.3"]
[White "Stupak, Kirill"]
[Black "Gutenev, Alexander"]
[Result "1/2-1/2"]
[WhiteElo "2492"]
[BlackElo "2451"]
[Annotator "TA"]
[PlyCount "27"]
[EventDate "2021.03.23"]
[EventType "swiss"]
[EventCountry "RUS"]
[SourceTitle "playchess.com"]
[Source "ChessBase"]
[SourceQuality "1"]

{[%evp 9,27,10,6,0,17,14,15,12,23,16,26,8,14,20,5,11,22,10,14,0]} 1. d4 Nf6 2. c4 g6 3. g3 c6 4. Bg2 d5 5. Qa4 Bg7 6. cxd5 {D71: Fianchetto Grünfeld: 3 g3 d5 sidelines and 5 cxd5 (without Nf3).} O-O 7. dxc6 Nxc6 8. Nf3 Nd5 9. O-O Nb6 10. Qa3 Nxd4 {The position is equal.} 11. Nxd4 {[#] Threatens to win with Nb3.} Nc4 $146 ({Predecessor:} 11... Qxd4 12. Nc3 Qf6 13. Rd1 Nc4 14. Qc5 Be6 15. Bxb7 Rad8 16. Bg5 Qe5 17. Bxe7 Qxc5 18. Bxc5 Rxd1+ 19. Rxd1 {½-½ (48) Stupak,K (2542)-Manik,M (2413) New Delhi 2019}) 12. Qb4 Qxd4 13. Nc3 {Black should prevent Rd1.} Be6 14. Rd1 {Not much happened in this game.  Weighted Error Value: White=0.03/Black=0.03} 1/2-1/2

[Event "Chelyabinskiy variant-A 2021"]
[Site "Chelyabinsk"]
[Date "2021.03.25"]
[Round "3.4"]
[White "Shuvalova, Polina"]
[Black "Simantsev, Mikhail"]
[Result "1/2-1/2"]
[WhiteElo "2476"]
[BlackElo "2389"]
[Annotator "TA"]
[PlyCount "80"]
[EventDate "2021.03.23"]
[EventType "swiss"]
[EventCountry "RUS"]
[SourceTitle "playchess.com"]
[Source "ChessBase"]
[SourceQuality "1"]

{[%evp 21,80,12,26,17,18,27,41,44,83,109,152,150,149,158,159,152,147,155,144,144,158,135,133,135,138,0,95,94,137,145,150,130,124,103,113,52,102,77,110,83,81,27,28,39,39,31,19,17,31,23,20,21,37,20,54,8,8,8,20,20,37]} 1. d4 Nf6 2. c4 e6 3. g3 c5 4. d5 exd5 5. cxd5 d6 6. Nc3 g6 7. Bg2 Bg7 8. Nf3 O-O 9. O-O Re8 10. Re1 {10.Bf4 is a critical line.} a6 11. a4 Nbd7 12. Bf4 {A63: Modern Benoni: Fianchetto Variation: 9...Nbd7.} Ng4 13. a5 Nge5 14. Ne4 {[#] White is slightly better.} Nf6 $146 ({Predecessor:} 14... Qc7 15. Qc2 b5 16. axb6 Qxb6 17. Bd2 Nxf3+ 18. exf3 f5 19. Ng5 Rxe1+ 20. Rxe1 Nf6 {1-0 (41) Tsolakidou,S (2380)-Khademalsharieh,S (2494) Europe Echecs INT 2020}) 15. Nxe5 Nxe4 16. Nc4 g5 17. Bc1 h6 18. f3 Nf6 19. e4 Qe7 20. Bd2 Bd7 21. Bc3 Bb5 22. Ne3 {Strongly threatening Nf5.} Bd7 23. Nc4 Bb5 24. b3 {[%cal Bb2b3,Bb3c4][%mdl 32]} Bxc4 25. bxc4 Nd7 {[#]} 26. Bxg7 Kxg7 27. Rb1 Rab8 28. Qa4 (28. f4 $16) 28... Ne5 29. Rb3 Qf6 30. Rf1 Ng6 31. Qa1 ({White should try} 31. Kh1 $16) 31... Qxa1 32. Rxa1 Ne5 33. Rc1 b5 34. axb6 {next f4 is good for White.} Rb7 35. f4 gxf4 36. gxf4 Ng6 37. Ra1 {White wants to play e5.} Nxf4 38. Bf3 Reb8 {The position is equal.} 39. Rxa6 {[#] And now e5 would win.} Ng6 40. Kf2 Ne5 {White really could win this.  Weighted Error Value: White=0.15/Black=0.08} 1/2-1/2

[Event "Chelyabinskiy variant-A 2021"]
[Site "Chelyabinsk"]
[Date "2021.03.25"]
[Round "3.5"]
[White "Garifullina, Leya"]
[Black "Petrov, Nikita"]
[Result "1/2-1/2"]
[WhiteElo "2375"]
[BlackElo "2571"]
[Annotator "TA"]
[PlyCount "110"]
[EventDate "2021.03.23"]
[EventType "swiss"]
[EventCountry "RUS"]
[SourceTitle "playchess.com"]
[Source "ChessBase"]
[SourceQuality "1"]

{[%evp 21,110,41,49,17,25,20,19,14,9,-16,1,-20,0,0,10,0,0,0,0,0,-13,-8,0,-30,-15,-12,4,-39,-37,-57,-8,-11,-2,-9,-11,-14,0,0,33,31,88,96,106,103,100,106,106,119,128,118,100,144,126,27,36,28,32,19,29,8,8,0,0,0,0,0,8,0,20,-44,-44,-43,-21,-43,-8,-59,-53,-61,-61,-57,-55,-74,-69,-126,-118,-116,0,-85,0,-110,0]} 1. e4 c5 2. Nf3 Nc6 3. d4 cxd4 4. Nxd4 Nf6 5. Nc3 e6 6. Nxc6 bxc6 7. e5 Nd5 8. Ne4 Qc7 9. f4 Qb6 10. c4 Ne3 11. Qd3 Bb4+ 12. Nc3 {B45: Sicilian Four Knights.} Nf5 13. Bd2 {[#]} c5 $146 ({Predecessor:} 13... O-O 14. a3 Be7 15. b4 a5 16. c5 Qc7 17. Ne4 axb4 18. Bxb4 f6 19. Qc3 fxe5 20. fxe5 {0-1 (40) Borriss,M (2455)-Mueller,K (2500) Germany 2006}) 14. Be2 {The position is equal.} Bb7 15. O-O O-O 16. Qh3 ({Don't go for} 16. Qxd7 $2 Rad8 $19) 16... d6 17. Bd3 Rad8 18. Rf2 dxe5 19. fxe5 Rd4 20. Bxf5 exf5 21. Qxf5 Rxc4 22. Raf1 {Black should prevent e6.} Bc8 23. Qf3 Qe6 24. Re1 Rd4 25. h3 Kh8 26. a3 Ba5 27. Ne4 {[%cal Bc3e4,Be4d2,Bd2b3][%mdl 32]} Bxd2 28. Nxd2 h6 29. Qc3 Qd5 30. Nb3 Rc4 ({Better is} 30... Rd3 $1 $14 31. Qxc5 {[%mdl 64] Double Attack} Kg8 32. Qxd5 Rxd5) 31. Qe3 $1 $16 Re8 32. Rd2 Qe6 33. Nxc5 Qg6 34. b4 a5 35. Rd6 Qg5 36. Qxg5 hxg5 37. Rb6 (37. e6 $16 fxe6 38. Rb6 (38. Nxe6 axb4 39. axb4 Rxb4 $11)) 37... axb4 $11 38. axb4 g4 39. hxg4 Bxg4 40. Re3 Bf5 41. e6 fxe6 42. Nd7 Ra8 43. Ne5 Rf4 44. Kh2 Ra2 {[#]} 45. Nf3 (45. Rh3+ $1 $11 Bxh3 46. Ng6+ {[%mdl 64] Double Attack} Kg8 47. Nxf4) 45... Rg4 $15 46. Ne1 Rb2 47. b5 Rgb4 48. Re5 (48. Nf3 $11) 48... Kh7 49. Nf3 {aiming for Rxf5!} Rg4 50. Ne1 Kg6 51. Rc6 Kf6 52. Rcc5 (52. Re3 $15) 52... Be4 $17 {[%cal Re4g2]} 53. Kh3 Bf5 {...Re4+ is the strong threat.} 54. Kh2 Be4 {[%cal Re4g2]} 55. Kh3 {[%cal Rh3g4] [#]} Bf5 {Weighted Error Value: White=0.17/Black=0.12} (55... Rf4 $1 $17 56. Kg3 Rf5 57. Rxf5+ exf5) 1/2-1/2

[Event "Chelyabinskiy variant-A 2021"]
[Site "Chelyabinsk"]
[Date "2021.03.25"]
[Round "3.6"]
[White "Bezgodov, Alexei"]
[Black "Ponkratov, Pavel"]
[Result "1/2-1/2"]
[WhiteElo "2452"]
[BlackElo "2619"]
[Annotator "TA"]
[PlyCount "35"]
[EventDate "2021.03.23"]
[EventType "swiss"]
[EventCountry "RUS"]
[SourceTitle "playchess.com"]
[Source "ChessBase"]
[SourceQuality "1"]

{[%evp 16,17,29,0]} 1. e4 e5 2. Nf3 Nc6 3. Bb5 Nf6 4. O-O Nxe4 5. d4 Nd6 6. Bxc6 dxc6 7. dxe5 Nf5 8. Qxd8+ Kxd8 9. h3 {[#]} {Predecessor:} Ke8 $146 {C67: Ruy Lopez: Berlin Defence: 4 0-0 Nxe4.} 10. Nc3 h5 11. Bf4 Bb4 12. Ne2 Be6 13. Ned4 Nxd4 14. Nxd4 Bd5 15. a3 Be7 16. Rfe1 g5 17. Bg3 Rh6 18. Rad1 {½-½ (65) Vachier Lagrave,M (2784)-Aronian,L (2781) chess24.com INT 2021} 1/2-1/2

[Event "Chelyabinskiy variant-A 2021"]
[Site "Chelyabinsk"]
[Date "2021.03.25"]
[Round "3.7"]
[White "Demchenko, Anton"]
[Black "Gabrielian, Artur"]
[Result "0-1"]
[WhiteElo "2610"]
[BlackElo "2448"]
[Annotator "TA"]
[PlyCount "80"]
[EventDate "2021.03.23"]
[EventType "swiss"]
[EventCountry "RUS"]
[SourceTitle "playchess.com"]
[Source "ChessBase"]
[SourceQuality "1"]

{[%evp 9,80,0,23,16,22,11,20,0,5,0,0,4,20,0,8,0,22,0,1,0,0,0,0,0,0,0,0,-1,31,35,43,45,21,11,45,48,49,46,51,35,97,90,104,109,109,113,103,30,14,-291,-286,-282,-283,-341,-341,-342,-341,-655,-655,-655,-655,-655,-648,-628,-600,-547,-518,-1025,-1008,-1047,-1012,-771,-727]} 1. e4 {Szabo,Kr} c5 2. Nf3 d6 3. Bb5+ Bd7 4. c4 Nf6 5. Nc3 Nc6 6. d4 {B52: Sicilian: Moscow Variation with 3...Bd7.} cxd4 7. Nxd4 g6 8. h3 {The position is equal.} Nxd4 9. Bxd7+ Qxd7 10. Qxd4 Bg7 11. O-O O-O 12. Qd3 {[#]} a6 $146 ({Predecessor:} 12... Qc6 13. Re1 Rac8 14. b3 Nxe4 15. Nd5 Rfe8 16. Rxe4 e6 17. Rb1 exd5 18. cxd5 Qd7 {½-½ (34) Fressinet,L (2708)-Gelfand,B (2764) Elancourt 2013 CBM 157 [Szabo,Kr]}) 13. Bg5 b5 14. cxb5 axb5 15. e5 dxe5 16. Qxd7 Nxd7 17. Rfd1 Nb6 18. Nxb5 e6 19. Nc7 $1 {[%cal Rc7a8]} Ra7 {[#]} 20. Be3 $1 Rb7 (20... Rxc7 21. Bxb6) 21. Rac1 e4 22. Rc6 Na4 23. b3 Nc3 24. Rd2 Be5 {[#]} ({Black should try} 24... h6 $14) 25. Na6 $1 $16 Ra8 26. Nc5 Rc7 27. Rxc7 Bxc7 28. Rd7 (28. Rc2 $16 Ba5 29. Bd4) 28... Nd5 $11 29. Na4 $2 {[%mdl 8192] [#] Now White is beyond hope.} (29. a4 $11 {and White has nothing to worry.}) 29... Kf8 $1 $19 30. Nc3 Ke8 ({Not} 30... Nxc3 31. Rxc7 Nd5 32. Ra7 $11) 31. Rxd5 exd5 32. Nxd5 {[%mdl 4096] Endgame KRB-KBN} Be5 33. a4 $2 (33. Nb4) 33... Rd8 {Black is clearly winning.} 34. f4 Rxd5 35. fxe5 {KR-KB} Rd3 36. Kf2 Rxb3 37. a5 Ra3 38. Bb6 (38. Bd4 $142) 38... Kd7 39. h4 Ke6 40. Bc7 Kd5 {Weighted Error Value: White=0.50/Black=0.06} 0-1

[Event "Chelyabinskiy variant-A 2021"]
[Site "Chelyabinsk"]
[Date "2021.03.25"]
[Round "3.8"]
[White "Azarov, Sergei"]
[Black "Zarubitski, Viachaslau"]
[Result "1/2-1/2"]
[WhiteElo "2604"]
[BlackElo "2446"]
[Annotator "TA"]
[PlyCount "120"]
[EventDate "2021.03.23"]
[EventType "swiss"]
[EventCountry "RUS"]
[SourceTitle "playchess.com"]
[Source "ChessBase"]
[SourceQuality "1"]

{[%evp 11,120,0,4,14,7,0,16,0,24,24,26,29,28,0,59,60,53,47,56,50,46,38,41,0,21,20,25,0,17,17,19,16,20,21,16,26,16,0,138,136,153,158,141,60,57,60,73,27,66,81,73,77,160,159,142,145,159,156,153,124,123,10,10,-11,-11,-11,-14,-34,-23,-24,-26,-204,-196,-196,-196,-196,-195,-450,-447,-335,-195,-220,-109,-72,0,-200,-52,-217,-211,-235,-256,-189,-80,-80,0,0,0,0,0,0,0,0,0,0,0,0,0,0,0,0,0]} 1. e4 e5 2. Nf3 Nf6 3. d4 Nxe4 4. Bd3 Nc6 5. O-O d5 6. dxe5 Be7 7. Nc3 {C43: Petroff Defence: 3 d4.} Nxc3 8. bxc3 Bg4 9. Re1 Qd7 10. h3 Bh5 11. Rb1 O-O-O {[#]} 12. Bf4 $146 ({Predecessor:} 12. Qe2 Qe6 13. Bd2 h6 14. Qe3 Bxf3 15. Qxf3 g6 16. Bb5 Bc5 17. Be3 Bxe3 18. Rxe3 {1-0 (44) MacKintosh,I (2325)-Taylor,W (2113) ICCF email 2010}) 12... Rhe8 (12... Bc5 $1 $11) 13. g4 {Black must now prevent Bf5.} Bg6 14. Bb5 Bc5 15. Nd4 $1 Bxd4 16. cxd4 h5 17. f3 hxg4 (17... a6 $5 {[%cal Ra6b5]} 18. Bf1 f6 $11) 18. hxg4 a6 19. Bf1 Re6 20. Qd2 Rf8 21. Rb3 f6 22. Bg3 {Threatens to win with f4.} fxe5 23. dxe5 Qe7 $1 24. f4 {Strongly threatening f5.} (24. Qxd5 Rd8 $17) 24... Qc5+ (24... Be4 $11) 25. Bf2 $16 Qxc2 26. Qxd5 Bf7 {Black wants to play ...Rxe5.} 27. Qc5 (27. Rd3 $1 $16) 27... Qxc5 $14 28. Bxc5 Rd8 29. Rd3 g5 30. Rxd8+ ({Reject} 30. fxg5 Rxd3 31. Bxd3 Nxe5 $17) 30... Kxd8 31. Bc4 $1 {[%cal Rc4e6]} ({Much worse is} 31. fxg5 $6 Rxe5 32. Rxe5 Nxe5 $11) 31... gxf4 ({Better is} 31... Rxe5 32. fxe5 Bxc4) 32. Bxe6 $16 Bxe6 {[%mdl 4096] Endgame KRB-KBN} 33. g5 Ke8 34. Kf2 b6 35. Ba3 Kf7 36. Bb2 (36. Re4 $16) 36... Kg6 $11 37. Rh1 Kxg5 38. a3 Na5 39. Rh7 Nc4 40. Bc3 c5 41. a4 $2 (41. Rh8 $11 {and White stays safe.}) 41... b5 $1 $19 42. Rc7 b4 ({Less strong is} 42... bxa4 43. Rc6 $11) 43. Ba1 Nd2 $1 44. Rc6 $2 (44. Ra7 {might work better.}) 44... Ne4+ $1 45. Kf3 Kf5 (45... Bd5 $142 46. Rxa6 Nf6+ 47. Ke2 f3+ 48. Kf1 Bc4+ {[%mdl 64] Double Attack} 49. Kg1 f2+ {[%mdl 64] Decoy} 50. Kxf2 Ng4+ 51. Ke1 Bxa6) 46. Rxa6 Nd2+ (46... Bd5 $19 {and Black stays clearly on top.} 47. Kg2 c4) 47. Kf2 $17 Ne4+ (47... c4 $1 $17 48. Rb6 Nb3) 48. Kf3 $19 {[#]} Bb3 (48... Bd5 $1 $19 49. Kg2 c4) 49. Ra8 $2 (49. Kg2 $1 $15) 49... Bd1+ {[%mdl 1024] Black has strong compensation.} 50. Kg2 f3+ 51. Kh2 {[#] a5 is the strong threat.} f2 (51... Kf4 $1 $19 52. e6 Ke3) 52. Rf8+ $17 Kg4 ({Black should try} 52... Ke6 $17 53. a5 Ke7) 53. Kg2 $11 {aiming for a5.The position is equal.} Bxa4 {And now ...Bb5 would win.} 54. e6 $1 Bb5 55. Be5 b3 (55... Kg5 $5) 56. e7 b2 57. Bxb2 f1=Q+ 58. Rxf1 Bxf1+ 59. Kxf1 Nd6 60. Ba3 Kf5 {A wild game.  Weighted Error Value: White=0.25/Black=0.23} 1/2-1/2